All Spinosaurs - Statistics

General Stats
  • This quiz has been taken 9 times
  • The average score is 11 of 20
Answer Stats
Name Meaning Name % Correct
Heavy Claw Baryonyx
100%
East Africa Lizard Ostafrikasaurus
80%
Oxalá’s One Oxalaia
80%
Siamese Lizard Siamosaurus
80%
Spine Lizard Spinosaurus
80%
Crocodile Mimic Suchomimus
80%
Camarillas Lizard Camarillasaurus
60%
Horned Crocodile Face Ceratosuchops
60%
Crested Lizard Cristatusaurus
60%
Iberian Spine Iberospinus
60%
Fish Hunter Icthyovenator
60%
Crocodile Lizard Suchosaurus
60%
Vallibona Huntress Vallibonavenatrix
60%
Sacred Angaturama
40%
Champion Protathlitis
40%
La Rioja Huntress Riojavenatrix
40%
Riverbank Hunter Riparovenator
40%
Irritater Irritator
20%
Chinese More-Lizard Sinopliosaurus
20%
Sijilmassa Lizard Sigilmassosaurus
0%
No matching quizzes found
Score Distribution
Percent of People with Each Score
Percentile by Number Answered
Your Score History
You have not taken this quiz